Score 0/44 Timer 10:00
0 Plays Today
% Correct
Albrecht Durer
88%
Albrecht Durer
88%
Vincent van Gogh
88%
Albrecht Durer
84%
Eugene Delacroix
84%
Albrecht Durer
80%
Constantin Brancusi
80%
Constantin Brancusi
80%
Constantin Brancusi
80%
Vincent van Gogh
80%
Vincent van Gogh
80%
Piet Mondrian
76%
Piet Mondrian
76%
Piet Mondrian
76%
Albrecht Durer
76%
Albrecht Durer
76%
Eugene Delacroix
76%
Vincent van Gogh
76%
Vincent van Gogh
76%
Leonardo da Vinci
76%
Jean-Honore Fragonard
72%
Albrecht Durer
72%
% Correct
Constantin Brancusi
72%
Eugene Delacroix
72%
Diego Velazquez
72%
Vincent van Gogh
72%
Vincent van Gogh
72%
Leonardo da Vinci
72%
Piet Mondrian
68%
Albrecht Durer
68%
Constantin Brancusi
68%
Diego Velazquez
68%
Diego Velazquez
68%
Albrecht Durer
68%
Leonardo da Vinci
68%
Jean-Honore Fragonard
64%
Eugene Delacroix
64%
Diego Velazquez
60%
Diego Velazquez
60%
Piet Mondrian
56%
Jean-Honore Fragonard
56%
Jean-Honore Fragonard
56%
Leonardo da Vinci
56%
Hieronymus Bosch
44%
Remove Ads.
Support Sporcle.
Get the best of Sporcle when you Go Orange. This ad-free experience offers more features, more stats, and more fun while also helping to support Sporcle. Thank you for becoming a member.

You're not logged in!

Compare scores with friends on all Sporcle quizzes.
OR
Log In

Show Comments

Extras

Top Quizzes Today


Score Distribution

Your Account Isn't Verified!

In order to create a playlist on Sporcle, you need to verify the email address you used during registration. Go to your Sporcle Settings to finish the process.

Report this User

Report this user for behavior that violates our Community Guidelines.

Details: